000 00295nam a22001337a 4500
008 171102b xxu||||| |||| 00| 0 eng d
020 _a9780071083812
041 _aeng
080 _26TH
_a33
100 _a59
101 _aBUS
245 _aGLOBAL BUSINESS TODAY
_cHILL,.CH.W
942 _2udc
_cBK
999 _c37249
_d37249